Alle Länder Afrikas - Statistiken

Allgemein
  • Dieses Quiz wurde 144 mal gespielt
    108 seit der letzten Aktualisierung
  • Das Durchschnittsergebnis liegt bei 41 aus 54
Antwortstatistiken
Antwort % Korrekt
Ägypten
98%
Niger
91%
Angola
89%
Nigeria
89%
Demokratische Republik Kongo
87%
Ghana
87%
Marokko
87%
Republik Kongo
87%
Eritrea
84%
Südafrika
84%
Algerien
82%
Äthiopien
82%
Elfenbeinküste
82%
Guinea
82%
Kamerun
82%
Madagaskar
82%
Sudan
82%
Südsudan
82%
Äquatorialguinea
80%
Guinea-Bissau
80%
Kenia
80%
Lesotho
80%
Mali
80%
Namibia
80%
Tunesien
80%
Uganda
80%
Senegal
78%
Eswatini
76%
Libyen
76%
Ruanda
76%
Zentralafrikanische Republik
76%
Benin
73%
Botswana
73%
Mauretanien
73%
Seychellen
73%
Mauritius
71%
Simbabwe
71%
Somalia
71%
Burkina Faso
69%
Burundi
69%
Dschibuti
69%
Kap Verde
69%
Tschad
69%
Tansania
67%
Togo
67%
Gambia
64%
Komoren
64%
Liberia
64%
Mosambik
64%
Sambia
64%
Malawi
62%
São Tomé und Príncipe
62%
Sierra Leone
62%
Gabun
60%
Keine übereinstimmenden Quizze gefunden
Verteilung der Resultate
Anzahl Personen mit jedem Resultat
Perzentil nach korrekt beantworteten Fragen
Ihre Resultats-Entwicklung
Sie haben dieses Quiz seit der letzten Aktualisierung nicht gespielt